01185nam a2200289Ia 4500003000900000008004100009020001800050040001600068080002100084111008200105245023200187260004200419300001500461490002600476500002600502650004100528650001900569650003400588650003400622650001900656700002900675700003400704710003800738942000700776999001500783952009700798IN-BaIIA211028s9999 xx 000 0 eng d a90-277-1118-6 cIIA Library a082.2:52bIAU-92 aInternational Astronomical Union Symposiumn92ndcUSAd1979 Aug. 28-31912958 0aObjects of high redshiftbproceedings of the International Astronomical Union Symposium No.92 held in Los Angeles, USA August 28-31, 1979cedited by G. O. Abell and P. J. E. Peebles  aDordrechtbD. Reidel Publishingc1980 axvi, 340p. aIAU Symposium; no. 92 aDonated by Mrs. Bappu aAstronomy and Astrophysics Thesaurus aGalaxies91286 aGravitational Redshift911264 aObservational Cosmology98429 aRedshift98391 aAbell, G. O., ed.912959 aPeebles, P. J. E., ed.912960 aInternational Astronomical Union  cBK c7662d7662 00104070aBANbBANcGENd1983-07-26l0o082.2:52/ IAU-92p8476r2021-11-05w1983-07-26yBK